The message of the Trinity : (Record no. 21225)

MARC details
000 -LEADER
fixed length control field 01992cam a22003734a 4500
001 - CONTROL NUMBER
control field 13876823
003 - CONTROL NUMBER IDENTIFIER
control field OSt
005 - DATE AND TIME OF LATEST TRANSACTION
control field 20260213142729.0
008 - FIXED-LENGTH DATA ELEMENTS--GENERAL INFORMATION
fixed length control field 050218s2004 ilu b 000 0 eng
010 ## - LIBRARY OF CONGRESS CONTROL NUMBER
LC control number 2005004496
020 ## - INTERNATIONAL STANDARD BOOK NUMBER
International Standard Book Number 083082409X
Qualifying information pbk. : alk. paper
035 ## - SYSTEM CONTROL NUMBER
System control number 13876823
040 ## - CATALOGING SOURCE
Original cataloging agency DLC
Transcribing agency DLC
Modifying agency DLC
042 ## - AUTHENTICATION CODE
Authentication code pcc
050 00 - LIBRARY OF CONGRESS CALL NUMBER
Classification number BT112
Item number .E34 2004
082 00 - DEWEY DECIMAL CLASSIFICATION NUMBER
Classification number 231/.044
Edition number 22
100 1# - MAIN ENTRY--PERSONAL NAME
Personal name Edgar, Brian.
245 14 - TITLE STATEMENT
Title The message of the Trinity :
Remainder of title life in God /
Statement of responsibility, etc. Brian Edgar.
260 ## - PUBLICATION, DISTRIBUTION, ETC. (IMPRINT)
Place of publication, distribution, etc. Downers Grove, Ill. :
Name of publisher, distributor, etc. InterVarsity Press,
Date of publication, distribution, etc. 2004.
300 ## - PHYSICAL DESCRIPTION
Extent 336 p. ;
Dimensions 21 cm.
336 ## - CONTENT TYPE
Content type term text
Content type code txt
Source rdacontent
337 ## - MEDIA TYPE
Media type term unmediated
Media type code n
Source rdamedia
338 ## - CARRIER TYPE
Carrier type term volume
Carrier type code nc
Source rdacarrier
440 #4 - SERIES STATEMENT/ADDED ENTRY--TITLE
Title The Bible speaks today
500 ## - GENERAL NOTE
General note Includes study guide: p. 320-336.
504 ## - BIBLIOGRAPHY, ETC. NOTE
Bibliography, etc Includes bibliographical references.
505 0# - FORMATTED CONTENTS NOTE
Formatted contents note The God of grace, love, and fellowship (2 Corinthians 13:14) -- A Trinitarian blessing (Ephesians 1:1-14) -- The Lord our God is one (Deuteronomy 6:4-9) -- The wisdom of God (Proverbs 8:22-31) -- The spirit of God (Ezekiel 37:1-14) -- Incarnation : divine coming (Luke 1:26-56) -- Baptism : heavenly empowering (Mark 1:1-14) -- Mission : spiritual encounter (Matthew 12:15-32) -- Teaching : knowledge of God (John 14:15-31) -- Resurrection : commissioned to discipleship (Matthew 28:16-20) -- The day of Pentecost (Acts 2:1-47) -- Christian experience (Romans 8:1-17) -- Christian community (1 Corinthians 12:1-11) -- Christian security (Galatians 3:26-4:7) -- Christian unity (Ephesians 4:1-16) -- The day of the Lord (Jude 20-21).
650 #0 - SUBJECT ADDED ENTRY--TOPICAL TERM
Topical term or geographic name as entry element Trinity
General subdivision Biblical teaching.
856 41 - ELECTRONIC LOCATION AND ACCESS
Materials specified Table of contents
Uniform Resource Identifier <a href="http://www.loc.gov/catdir/toc/ecip058/2005004496.html">http://www.loc.gov/catdir/toc/ecip058/2005004496.html</a>
906 ## - LOCAL DATA ELEMENT F, LDF (RLIN)
a 7
b cbc
c orignew
d 1
e ecip
f 20
g y-gencatlg
942 ## - ADDED ENTRY ELEMENTS (KOHA)
Source of classification or shelving scheme Library of Congress Classification
Koha item type General Collection
Holdings
Withdrawn status Lost status Source of classification or shelving scheme Not for loan Home library Current library Shelving location Date acquired Source of acquisition Inventory number Total Checkouts Full call number Barcode Date last seen Copy number Price effective from Koha item type
    Library of Congress Classification   Kabarak, Main Campus Kabarak, Main Campus General Stacks 13/02/2026 Donation 2025/3560   BT112 .E34 2004 C.1 39857 13/02/2026 C.1 13/02/2026 General Collection
Designed with assistance from East African Informatics Ltd